Admirals on Star Trek: TNG - Statistics

General Stats
  • This quiz has been taken 35 times
  • The average score is 11 of 16
Answer Stats
Hint Answer % Correct
Nora Satie All Good Things, Drumhead
94%
J.P. Hanson Best of Both Worlds (Part 1)
91%
DeForest Kelley Encounter at Farpoint
91%
Nakamura The Measure of a Man, All Good Things, Phantasms
91%
WIlliam T. Riker All Good Things
88%
Eric Pressman The Pegasus
75%
Margaret Blackwell The Pegasus
75%
Thomas Henry The Drumhead
72%
Alynna Nechayev The Journey's End, The Descent (Part 1), The Chain of Command, Pre-Emptive Strike
66%
Alidar Jarok The Defector
63%
Jean-Luc Picard The Future Imperfect
56%
Kennelly Ensign Ro
47%
Shanthi Redemption (Part 2)
41%
Andrea Brand The First Duty
41%
Anthony Haftel The Offspring
38%
Brackett Unification (Part 1)
38%
No matching quizzes found
Score Distribution
Percent of People with Each Score
Percentile by Number Answered
Your Score History
You have not taken this quiz